Дело по просьбе лекарей и других евреев о распространении на них преимуществ, дарованным ученым из евреев высочайше утвержденных...

Доступно только в Электронных читальных залах Найти на картеНа карте
RUSMARC
00003636nmc2a2200000 x 450
0019f9ef9c8-dac6-45c0-ab91-26c0099eb2fe
00520160706180435.0
100##$a20150814l18621870k l0rusy0189 ca
1010#$arus
102##$aRU
2001#$aДело по просьбе лекарей и других евреев о распространении на них преимуществ, дарованным ученым из евреев высочайше утвержденных 27 ноября 1861 года мнением Государственного cовета
$j18 июля 1862 г. - 14 декабря 1870 г.
251##$cДело
300##$aДело
801#0$aRU
$bРГИА
$c20150814
$gRCR
801#1$aRU
$bГлавНИВЦ
$c20150814
$2rusmarc
801#2$aRU
$bПБ им. Б.Н. Ельцина
$c20160706
$gRCR
$2rusmarc
850##$aРГИА
852##$aРГИА
$eФедеральное казенное учреждение "Российский государственный исторический архив" (РГИА)
$j758
937##$hРГИА
$d12090899
$aASBIBLIO_SCAN
462#0$10012b27dfda-2c9d-44cf-86d6-db2e6106e749
$12001
$aДела по еврейским казенным училищам за 1856-1862 гг.
$1251
$cОпись
$1852
$j98
461#0$1001a74412a3-3cc5-4d21-8f0a-dfe2fbd9e72d
$12001
$aДепартамент народного просвещения Министерства народного просвещения (1803-1917)
$1251
$cФонд
$1852
$j733
215##$a66 л.
$d36,5x26 см
371##$aДокумент не является опубликованным и широко распространяемым
105##$aу###
1222#$ad
035##$a9f9ef9c8-dac6-45c0-ab91-26c0099eb2fe
Формат отображения